Stolice Regionów - Francja - Statystyki

Ogólne statystyki
  • Ten quiz został rozwiązany 445 razy
  • Średni wynik to 9 z 18
Statystyki odpowiedzi
Region Stolica % Poprawnych
Île-de-France Paryż
98%
Prowansja-Alpy-Lazurowe Wybrzeże Marsylia
88%
Owernia-Rodan-Alpy Lyon
85%
Nowa Akwitania Bordeaux
79%
Grand Est Strasburg
64%
Kraj Loary Nantes
62%
Oksytania Tuluza
62%
Hauts-de-France Lille
61%
Korsyka Ajaccio
57%
Bretania Rennes
56%
Burgundia-Franche-Comté Dijon
45%
Dolina Loary Orlean
28%
Normandia Caen
26%
Gujana Francuska Kajenna
22%
Reunion Saint-Denis
16%
Gwadelupa Basse-Terre
11%
Martynika Fort-de-France
11%
Majotta Mamoudzou
10%
Nie znaleziono quizów pasujących do podanych kryteriów
Rozkład punktacji
Procent ludzi z każdym wynikiem
Percentyl według liczby udzielonych odpowiedzi
Twoja historia wyników
Nie rozwiązałeś tego quizu